Statistics for Guess the Country using 2 Neighbors

Click here to take the quiz!

General Stats

  • This quiz has been taken 27 times
  • The average score is 16 of 20

Answer Stats

HintAnswer% Correct
Guyana, UruguayBrazil
96%
Russia, TurkmenistanKazakhstan
92%
Honduras, Costa RicaNicaragua
92%
Saudi Arabia, YemenOman
92%
Israel, SudanEgypt
88%
Austria, RomaniaHungary
88%
Saudi Arabia, IranIraq
88%
Thailand, BangladeshMyanmar
88%
Angola, South AfricaNamibia
88%
Russia, CzechiaPoland
88%
Norway, North KoreaRussia
88%
France, DenmarkGermany
80%
Papua New Guinea, MalaysiaIndonesia
80%
Mexico, HondurasGuatemala
76%
Iraq, AzerbaijanIran
76%
Nigeria, TogoBenin
72%
Somalia, TanzaniaKenya
72%
Italy, SlovakiaAustria
68%
Burkina Faso, LiberiaIvory Coast
68%
Eswatini, ZambiaMozambique
68%

Score Distribution

Percentile by Number Answered

Percent of People with Each Score

Your Score History

You have not taken this quiz